[Event "Grand Swiss "]
[Date "2025.09.09"]
[White "Bluebaum, Matthias"]
[Black "Mishra, Abhimanyu"]
[WhiteElo "2671"]
[BlackElo "2611"]
[Round "6.6.2"]
[Result "1/2-1/2"]

1. d4 {[%clk 01:40:57] [%emt 00:00:03]} Nf6 {[%clk 01:40:41] [%emt 00:00:19]} 2.
c4 {[%clk 01:41:22] [%emt 00:00:05]} g6 {[%clk 01:41:06] [%emt 00:00:06]} 3. Nc3
{[%clk 01:41:37] [%emt 00:00:14]} d5 {[%clk 01:41:18] [%emt 00:00:16]} 4. cxd5
{[%clk 01:42:00] [%emt 00:00:09]} Nxd5 {[%clk 01:41:24] [%emt 00:00:24]} 5. e4
{[%clk 01:42:28] [%emt 00:00:02]} Nxc3 {[%clk 01:41:46] [%emt 00:00:09]} 6. bxc3
{[%clk 01:42:56] [%emt 00:00:01]} Bg7 {[%clk 01:42:03] [%emt 00:00:13]} 7. Bc4
{[%clk 01:43:08] [%emt 00:00:18]} c5 {[%clk 01:41:41] [%emt 00:00:53]} 8. Ne2
{[%clk 01:43:32] [%emt 00:00:05]} Nc6 {[%clk 01:41:50] [%emt 00:00:21]} 9. d5
{[%clk 01:43:21] [%emt 00:00:41]} Na5 {[%clk 01:36:57] [%emt 00:05:23]} 10. Bd3
{[%clk 01:43:29] [%emt 00:00:22]} e6 {[%clk 01:36:58] [%emt 00:00:30]} 11. Bb5+
{[%clk 01:40:50] [%emt 00:03:09]} Bd7 {[%clk 01:36:46] [%emt 00:00:41]} 12. Qa4
{[%clk 01:41:15] [%emt 00:00:05]} b6 {[%clk 01:37:12] [%emt 00:00:05]} 13. dxe6
{[%clk 01:40:19] [%emt 00:01:26]} fxe6 {[%clk 01:37:30] [%emt 00:00:12]} 14. Bh6
{[%clk 01:39:29] [%emt 00:01:20]} Bxh6 {[%clk 01:37:52] [%emt 00:00:09]} 15. Rd1
{[%clk 01:39:56] [%emt 00:00:03]} O-O {[%clk 01:38:12] [%emt 00:00:10]} 16. Bxd7
{[%clk 01:39:12] [%emt 00:01:13]} Qe7 {[%clk 01:30:42] [%emt 00:08:00]} 17. O-O
{[%clk 01:37:31] [%emt 00:02:11]} Rad8 {[%clk 01:25:12] [%emt 00:06:01]} 18. e5
{[%clk 01:25:45] [%emt 00:12:15]} Nc4 {[%clk 01:03:48] [%emt 00:21:54]} 19. Qxc4
{[%clk 01:05:30] [%emt 00:20:44]} Rxd7 {[%clk 01:03:47] [%emt 00:00:32]} 20. h4
{[%clk 00:57:21] [%emt 00:08:39]} Kh8 {[%clk 00:48:43] [%emt 00:15:35]} 21. g3
{[%clk 00:50:55] [%emt 00:06:55]} Bd2 {[%clk 00:40:33] [%emt 00:08:40]} 22. Nd4
{[%clk 00:45:55] [%emt 00:05:30]} cxd4 {[%clk 00:40:02] [%emt 00:01:02]} 23.
Rxd2 {[%clk 00:46:10] [%emt 00:00:14]} dxc3 {[%clk 00:39:25] [%emt 00:01:07]}
24. Qxc3 {[%clk 00:46:01] [%emt 00:00:38]} Rxd2 {[%clk 00:37:59] [%emt
00:01:56]} 25. Qxd2 {[%clk 00:46:19] [%emt 00:00:12]} Qc5 {[%clk 00:33:30] [%emt
00:04:59]} 26. Qd7 {[%clk 00:44:30] [%emt 00:02:19]} Qxe5 {[%clk 00:32:50] [%emt
00:01:10]} 27. Qxa7 {[%clk 00:44:54] [%emt 00:00:05]} Qc5 {[%clk 00:31:43] [%emt
00:01:37]} 28. Qd7 {[%clk 00:42:39] [%emt 00:02:46]} Qd5 {[%clk 00:26:36] [%emt
00:05:38]} 29. Qc7 {[%clk 00:39:20] [%emt 00:03:48]} Qxa2 {[%clk 00:25:19] [%emt
00:01:47]} 30. Qxb6 {[%clk 00:39:31] [%emt 00:00:20]} Qe2 {[%clk 00:23:54] [%emt
00:01:54]} 1/2-1/2

[Site "Europe Echecs"]

[Event "Grand Swiss "]
[Date "2025.09.09"]
[White "Maurizzi, MarcAndria"]
[Black "Giri, Anish"]
[WhiteElo "2610"]
[BlackElo "2746"]
[Round "6.6.3"]
[Result "0-1"]

1. e4 {[%clk 01:40:51] [%emt 00:00:08]} c5 {[%clk 01:40:56] [%emt 00:00:05]} 2.
Nf3 {[%clk 01:40:44] [%emt 00:00:38]} d6 {[%clk 01:41:19] [%emt 00:00:06]} 3. d4
{[%clk 01:40:32] [%emt 00:00:42]} cxd4 {[%clk 01:41:40] [%emt 00:00:09]} 4. Nxd4
{[%clk 01:40:57] [%emt 00:00:05]} Nf6 {[%clk 01:42:06] [%emt 00:00:04]} 5. Nc3
{[%clk 01:41:22] [%emt 00:00:06]} a6 {[%clk 01:42:32] [%emt 00:00:04]} 6. Nb3
{[%clk 01:40:22] [%emt 00:01:30]} e6 {[%clk 01:41:45] [%emt 00:01:17]} 7. Be3
{[%clk 01:39:28] [%emt 00:01:24]} Nc6 {[%clk 01:22:22] [%emt 00:19:53]} 8. g4
{[%clk 01:38:05] [%emt 00:01:53]} b5 {[%clk 01:19:58] [%emt 00:02:55]} 9. g5
{[%clk 01:32:38] [%emt 00:05:57]} b4 {[%clk 01:11:42] [%emt 00:08:47]} 10. Na4
{[%clk 01:26:54] [%emt 00:06:14]} Nd7 {[%clk 01:06:12] [%emt 00:05:59]} 11. Qe2
{[%clk 01:21:22] [%emt 00:06:03]} Be7 {[%clk 01:04:21] [%emt 00:02:21]} 12.
O-O-O {[%clk 01:16:24] [%emt 00:05:29]} Bb7 {[%clk 00:58:55] [%emt 00:05:55]}
13. f4 {[%clk 01:03:09] [%emt 00:13:46]} Na7 {[%clk 00:52:06] [%emt 00:07:18]}
14. Bg2 {[%clk 00:53:14] [%emt 00:10:25]} Bc6 {[%clk 00:51:34] [%emt 00:01:01]}
15. Qf2 {[%clk 00:52:29] [%emt 00:01:15]} Bxa4 {[%clk 00:49:34] [%emt 00:02:31]}
16. Bxa7 {[%clk 00:52:57] [%emt 00:00:02]} Bxb3 {[%clk 00:49:57] [%emt
00:00:07]} 17. axb3 {[%clk 00:53:24] [%emt 00:00:04]} Qc7 {[%clk 00:35:22] [%emt
00:15:05]} 18. Be3 {[%clk 00:50:46] [%emt 00:03:08]} a5 {[%clk 00:35:49] [%emt
00:00:04]} 19. f5 {[%clk 00:45:17] [%emt 00:05:59]} a4 {[%clk 00:36:14] [%emt
00:00:04]} 20. fxe6 {[%clk 00:39:54] [%emt 00:05:53]} fxe6 {[%clk 00:36:39]
[%emt 00:00:05]} 21. bxa4 {[%clk 00:38:49] [%emt 00:01:35]} Rxa4 {[%clk
00:37:04] [%emt 00:00:05]} 22. Bh3 {[%clk 00:39:14] [%emt 00:00:05]} b3 {[%clk
00:31:13] [%emt 00:06:22]} 23. c3 {[%clk 00:38:03] [%emt 00:01:40]} Nc5 {[%clk
00:30:40] [%emt 00:01:03]} 24. Qe2 {[%clk 00:30:26] [%emt 00:08:07]} Qc6 {[%clk
00:26:16] [%emt 00:04:54]} 25. Kd2 {[%clk 00:25:10] [%emt 00:05:47]} O-O {[%clk
00:24:46] [%emt 00:01:59]} 26. Rhf1 {[%clk 00:23:12] [%emt 00:02:28]} Rxf1
{[%clk 00:23:11] [%emt 00:02:05]} 27. Qxf1 {[%clk 00:23:39] [%emt 00:00:04]}
Qxe4 {[%clk 00:17:39] [%emt 00:06:01]} 0-1

[Site "Europe Echecs"]

[Event "Grand Swiss "]
[Date "2025.09.09"]
[White "Tabatabaei, M. Amin"]
[Black "Firouzja, Alireza"]
[WhiteElo "2673"]
[BlackElo "2754"]
[Round "6.6.4"]
[Result "1/2-1/2"]

1. e4 {[%clk 01:40:56] [%emt 00:00:03]} c5 {[%clk 01:40:57] [%emt 00:00:03]} 2.
Nf3 {[%clk 01:41:15] [%emt 00:00:11]} d6 {[%clk 01:41:24] [%emt 00:00:04]} 3.
Bb5+ {[%clk 01:41:35] [%emt 00:00:10]} Nd7 {[%clk 01:31:42] [%emt 00:10:12]} 4.
O-O {[%clk 01:41:40] [%emt 00:00:25]} a6 {[%clk 01:32:11] [%emt 00:00:02]} 5.
Bd3 {[%clk 01:41:59] [%emt 00:00:10]} Ngf6 {[%clk 01:31:49] [%emt 00:00:53]} 6.
c3 {[%clk 01:41:30] [%emt 00:01:00]} g6 {[%clk 01:27:41] [%emt 00:04:38]} 7. Re1
{[%clk 01:38:48] [%emt 00:03:11]} Bg7 {[%clk 01:20:49] [%emt 00:07:23]} 8. Bf1
{[%clk 01:38:42] [%emt 00:00:36]} b5 {[%clk 00:59:58] [%emt 00:21:22]} 9. d4
{[%clk 01:37:40] [%emt 00:01:31]} cxd4 {[%clk 00:59:49] [%emt 00:00:40]} 10.
cxd4 {[%clk 01:37:59] [%emt 00:00:10]} Bb7 {[%clk 01:00:08] [%emt 00:00:11]} 11.
e5 {[%clk 01:34:27] [%emt 00:04:02]} dxe5 {[%clk 01:00:16] [%emt 00:00:23]} 12.
dxe5 {[%clk 01:34:51] [%emt 00:00:06]} Nd5 {[%clk 01:00:38] [%emt 00:00:08]} 13.
Bd2 {[%clk 00:56:26] [%emt 00:38:55]} Nc5 {[%clk 00:52:02] [%emt 00:09:04]} 14.
Nc3 {[%clk 00:53:23] [%emt 00:03:34]} Nb4 {[%clk 00:42:41] [%emt 00:09:51]} 15.
Ne4 {[%clk 00:48:44] [%emt 00:05:10]} Nxe4 {[%clk 00:37:51] [%emt 00:05:20]} 16.
Bxb4 {[%clk 00:48:57] [%emt 00:00:16]} Qb6 {[%clk 00:38:07] [%emt 00:00:14]} 17.
Qe2 {[%clk 00:48:32] [%emt 00:00:55]} Rc8 {[%clk 00:23:46] [%emt 00:14:51]} 18.
Rac1 {[%clk 00:39:49] [%emt 00:09:13]} O-O {[%clk 00:24:07] [%emt 00:00:08]} 19.
Bxe7 {[%clk 00:38:59] [%emt 00:01:20]} Bh6 {[%clk 00:24:07] [%emt 00:00:30]} 20.
Rcd1 {[%clk 00:27:43] [%emt 00:11:47]} Rfe8 {[%clk 00:24:16] [%emt 00:00:21]}
21. Bh4 {[%clk 00:28:09] [%emt 00:00:04]} Bf4 {[%clk 00:12:14] [%emt 00:12:31]}
22. Qd3 {[%clk 00:25:00] [%emt 00:03:39]} Bxe5 {[%clk 00:12:26] [%emt 00:00:17]}
23. Nxe5 {[%clk 00:25:02] [%emt 00:00:29]} Rxe5 {[%clk 00:12:52] [%emt
00:00:04]} 24. Qe3 {[%clk 00:15:08] [%emt 00:10:24]} Qxe3 {[%clk 00:13:16] [%emt
00:00:07]} 25. Rxe3 {[%clk 00:15:34] [%emt 00:00:03]} g5 {[%clk 00:12:28] [%emt
00:01:18]} 26. Bg3 {[%clk 00:16:01] [%emt 00:00:03]} Rd5 {[%clk 00:11:53] [%emt
00:01:05]} 27. Red3 {[%clk 00:15:38] [%emt 00:00:53]} Rxd3 {[%clk 00:12:08]
[%emt 00:00:16]} 28. Bxd3 {[%clk 00:16:01] [%emt 00:00:07]} Nxg3 {[%clk
00:12:30] [%emt 00:00:07]} 29. hxg3 {[%clk 00:16:27] [%emt 00:00:04]} Kg7 {[%clk
00:12:41] [%emt 00:00:19]} 30. a3 {[%clk 00:16:42] [%emt 00:00:16]} h6 {[%clk
00:12:47] [%emt 00:00:25]} 31. f3 {[%clk 00:16:40] [%emt 00:00:32]} 1/2-1/2

[Site "Europe Echecs"]

[Event "Grand Swiss "]
[Date "2025.09.09"]
[White "Rodshtein, Maxim"]
[Black "Abdusattorov, Nodirbek"]
[WhiteElo "2645"]
[BlackElo "2748"]
[Round "6.6.5"]
[Result "1/2-1/2"]

1. d4 {[%emt 00:00:07]} Nf6 {[%clk 01:40:36] [%emt 00:00:22]} 2. c4 {[%clk
01:41:15] [%emt 00:00:11]} e6 {[%emt 00:00:26]} 3. Nf3 {[%clk 01:41:09] [%emt
00:00:15]} d5 {[%emt 00:00:31]} 4. g3 {[%emt 00:00:07]} Bb4+ {[%clk 01:41:26]
[%emt 00:00:24]} 5. Bd2 {[%clk 01:41:30] [%emt 00:00:11]} Be7 {[%clk 01:41:51]
[%emt 00:00:05]} 6. Bg2 {[%clk 01:41:37] [%emt 00:00:23]} O-O {[%emt 00:00:30]}
7. O-O {[%emt 00:00:45]} Nbd7 {[%clk 01:41:48] [%emt 00:00:33]} 8. Qc2 {[%clk
01:40:57] [%emt 00:00:54]} c6 {[%clk 01:42:13] [%emt 00:00:05]} 9. Bf4 {[%clk
01:40:41] [%emt 00:00:47]} a5 {[%emt 00:04:31]} 10. Rd1 {[%emt 00:00:06]} h6
{[%emt 00:03:16]} 11. h4 {[%emt 00:11:25]} Nh5 {[%emt 00:11:58]} 12. e3 {[%emt
00:04:12]} a4 {[%clk 01:21:17] [%emt 00:06:42]} 13. Nbd2 {[%clk 01:16:56] [%emt
00:06:30]} a3 {[%clk 01:09:20] [%emt 00:12:27]} 14. b3 {[%emt 00:04:58]} b6
{[%emt 00:06:54]} 15. Rac1 {[%clk 00:55:07] [%emt 00:10:53]} Bb7 16. cxd5 {[%emt
00:07:48]} Nxf4 {[%emt 00:01:03]} 17. exf4 {[%clk 00:55:08] [%emt 00:00:12]}
cxd5 {[%emt 00:09:42]} 18. Qc7 {[%clk 00:32:19] [%emt 00:00:59]} Rb8 19. Nf1
{[%clk 00:32:30] [%emt 00:24:02]} Nf6 20. Ne3 {[%clk 00:31:40] [%emt 00:08:36]}
Bd6 21. Qxd8 Rfxd8 22. Ne5 {[%emt 00:06:14]} g6 {[%emt 00:09:06]} 23. Nc6 {[%clk
00:23:23] [%emt 00:00:11]} Bxc6 {[%clk 00:37:47] [%emt 00:00:37]} 24. Rxc6
{[%emt 00:01:39]} Kg7 {[%emt 00:04:32]} 25. Rdc1 {[%emt 00:01:10]} Ng8 {[%emt
00:04:37]} 26. Bh3 {[%emt 00:01:09]} Ne7 {[%clk 00:34:30] [%emt 00:00:16]} 27.
R6c2 {[%clk 00:16:41] [%emt 00:00:05]} b5 {[%emt 00:07:56]} 28. Kf1 {[%emt
00:01:14]} Rb6 {[%emt 00:02:53]} 29. Bg4 {[%emt 00:01:40]} h5 {[%clk 00:27:59]
[%emt 00:00:22]} 30. Be2 {[%clk 00:11:51] [%emt 00:00:15]} Kf8 {[%emt 00:03:47]}
31. Bd3 {[%clk 00:08:17] [%emt 00:00:53]} Ke8 {[%emt 00:03:41]} 32. Ng2 {[%emt
00:00:18]} Kd7 {[%clk 00:25:59] [%emt 00:02:24]} 33. Ne1 {[%emt 00:01:51]} Rc8
{[%clk 00:23:46] [%emt 00:01:01]} 34. Rxc8 Nxc8 {[%clk 00:24:15]} 35. Nf3 {[%emt
00:01:24]} Na7 {[%clk 00:24:36] [%emt 00:00:02]} 36. Ke2 {[%clk 00:04:51] [%emt
00:00:49]} Nc6 {[%emt 00:01:00]} 37. Ke3 {[%clk 00:03:47] [%emt 00:00:45]} Nb4
{[%clk 00:24:54] [%emt 00:00:31]} 38. Bb1 {[%clk 00:04:11] [%emt 00:00:06]} Rb8
{[%clk 00:25:09] [%emt 00:00:15]} 1/2-1/2

[Site "Europe Echecs"]

[Event "Grand Swiss "]
[Date "2025.09.09"]
[White "Erdogmus, Yagiz Kaan"]
[Black "Mamedyarov, Shakhriyar"]
[WhiteElo "2646"]
[BlackElo "2741"]
[Round "6.6.6"]
[Result "1/2-1/2"]

1. d4 {[%clk 01:40:49] [%emt 00:00:10]} Nf6 {[%clk 01:38:17] [%emt 00:02:43]} 2.
c4 {[%clk 01:40:24] [%emt 00:00:55]} e6 {[%clk 01:37:47] [%emt 00:01:00]} 3. Nf3
{[%clk 01:39:04] [%emt 00:01:50]} d5 {[%clk 01:37:20] [%emt 00:00:58]} 4. g3
{[%clk 01:39:02] [%emt 00:00:33]} Be7 {[%clk 01:37:36] [%emt 00:00:14]} 5. Bg2
{[%clk 01:39:11] [%emt 00:00:20]} O-O {[%clk 01:37:58] [%emt 00:00:08]} 6. O-O
{[%clk 01:39:03] [%emt 00:00:38]} dxc4 {[%clk 01:38:11] [%emt 00:00:17]} 7. Qc2
{[%clk 01:38:34] [%emt 00:01:00]} a6 {[%clk 01:38:10] [%emt 00:00:31]} 8. Qxc4
{[%clk 01:38:33] [%emt 00:00:30]} b5 {[%clk 01:38:25] [%emt 00:00:15]} 9. Qc2
{[%clk 01:38:26] [%emt 00:00:37]} Bb7 {[%clk 01:38:29] [%emt 00:00:25]} 10. Bd2
{[%clk 01:37:52] [%emt 00:01:04]} Be4 {[%clk 01:38:18] [%emt 00:00:41]} 11. Qc1
{[%clk 01:38:13] [%emt 00:00:09]} Bb7 {[%clk 01:38:46] [%emt 00:00:03]} 12. Qc2
{[%clk 01:38:39] [%emt 00:00:05]} Be4 {[%clk 01:39:14] [%emt 00:00:02]} 13. Qc1
{[%clk 01:39:04] [%emt 00:00:05]} Bb7 {[%clk 01:39:42] [%emt 00:00:02]} 14. Qc2
{[%clk 01:39:29] [%emt 00:00:05]} Be4 {[%clk 01:40:09] [%emt 00:00:04]} 15. Qc1
{[%clk 01:39:54] [%emt 00:00:06]} Bb7 {[%clk 01:40:36] [%emt 00:00:02]} 16. Qc2
{[%clk 01:40:12] [%emt 00:00:11]} Be4 {[%emt 00:00:23]} 1/2-1/2

[Site "Europe Echecs"]

[Event "Grand Swiss "]
[Date "2025.09.09"]
[White "Gumularz, Szymon"]
[Black "Nihal Sarin"]
[WhiteElo "2590"]
[BlackElo "2693"]
[Round "6.6.7"]
[Result "0-1"]

1. d4 {[%clk 01:40:48] [%emt 00:00:08]} d5 {[%clk 01:38:41] [%emt 00:02:23]} 2.
c4 {[%clk 01:41:09] [%emt 00:00:09]} dxc4 {[%clk 01:37:05] [%emt 00:02:06]} 3.
Nf3 {[%clk 01:40:52] [%emt 00:00:47]} Nf6 {[%clk 01:37:25] [%emt 00:00:11]} 4.
e3 {[%clk 01:41:16] [%emt 00:00:07]} e6 {[%clk 01:37:50] [%emt 00:00:05]} 5.
Bxc4 {[%clk 01:41:39] [%emt 00:00:05]} c5 {[%clk 01:38:13] [%emt 00:00:07]} 6.
O-O {[%clk 01:41:39] [%emt 00:00:29]} cxd4 {[%clk 01:37:51] [%emt 00:00:54]} 7.
exd4 {[%clk 01:42:03] [%emt 00:00:07]} Be7 {[%clk 01:38:16] [%emt 00:00:05]} 8.
Nc3 {[%clk 01:42:05] [%emt 00:00:27]} O-O {[%clk 01:38:40] [%emt 00:00:06]} 9.
Re1 {[%clk 01:39:23] [%emt 00:03:13]} a6 {[%clk 01:38:33] [%emt 00:00:37]} 10.
Bf4 {[%clk 01:34:39] [%emt 00:05:14]} b5 {[%clk 01:36:51] [%emt 00:02:12]} 11.
Bb3 {[%clk 01:34:31] [%emt 00:00:38]} Bb7 {[%clk 01:31:27] [%emt 00:05:54]} 12.
Rc1 {[%clk 01:34:08] [%emt 00:00:54]} Bb4 {[%clk 01:30:08] [%emt 00:01:48]} 13.
Bg5 {[%clk 01:22:39] [%emt 00:11:58]} Nbd7 {[%clk 01:22:16] [%emt 00:08:22]} 14.
a3 {[%clk 01:17:09] [%emt 00:06:01]} Bxc3 {[%clk 00:49:47] [%emt 00:32:59]} 15.
Rxc3 {[%clk 01:17:07] [%emt 00:00:32]} Rc8 {[%clk 00:50:13] [%emt 00:00:04]} 16.
Rce3 {[%clk 01:14:31] [%emt 00:03:06]} Qc7 {[%clk 00:49:51] [%emt 00:00:52]} 17.
Ne5 {[%clk 00:32:53] [%emt 00:42:08]} Nxe5 {[%clk 00:49:58] [%emt 00:00:23]} 18.
dxe5 {[%clk 00:31:08] [%emt 00:02:15]} Qc6 {[%clk 00:49:41] [%emt 00:00:46]} 19.
Rf3 {[%clk 00:26:47] [%emt 00:04:51]} Ne4 {[%clk 00:49:14] [%emt 00:00:57]} 20.
Bh4 {[%clk 00:24:08] [%emt 00:03:09]} h6 {[%clk 00:45:27] [%emt 00:04:17]} 21.
Rf4 {[%clk 00:10:33] [%emt 00:14:04]} Nc3 {[%clk 00:44:39] [%emt 00:01:18]} 22.
Qf3 {[%clk 00:09:23] [%emt 00:01:41]} Ne2+ {[%clk 00:44:51] [%emt 00:00:18]} 0-1

[Site "Europe Echecs"]

[Event "Grand Swiss "]
[Date "2025.09.09"]
[White "Yakubboev, Nodirbek"]
[Black "Pranav, V"]
[WhiteElo "2681"]
[BlackElo "2596"]
[Round "6.6.8"]
[Result "1/2-1/2"]

1. d4 {[%clk 01:40:54] [%emt 00:00:04]} Nf6 {[%clk 01:40:52] [%emt 00:00:10]} 2.
c4 {[%clk 01:41:13] [%emt 00:00:11]} e6 {[%clk 01:41:14] [%emt 00:00:08]} 3. Nf3
{[%clk 01:41:38] [%emt 00:00:04]} Bb4+ {[%clk 01:41:34] [%emt 00:00:10]} 4. Bd2
{[%clk 01:42:01] [%emt 00:00:08]} Bxd2+ {[%clk 01:41:56] [%emt 00:00:08]} 5.
Qxd2 {[%clk 01:42:26] [%emt 00:00:04]} d5 {[%clk 01:42:15] [%emt 00:00:12]} 6.
Nc3 {[%clk 01:42:51] [%emt 00:00:04]} O-O {[%clk 01:42:35] [%emt 00:00:10]} 7.
h4 {[%clk 01:43:19] [%emt 00:00:02]} Nc6 {[%clk 01:37:21] [%emt 00:05:44]} 8.
Rd1 {[%clk 01:21:09] [%emt 00:22:39]} Qe7 {[%clk 01:32:51] [%emt 00:05:01]} 9.
h5 {[%clk 01:09:38] [%emt 00:12:02]} h6 {[%clk 01:30:16] [%emt 00:03:05]} 10. g4
{[%clk 01:10:02] [%emt 00:00:06]} Nxg4 {[%clk 01:22:37] [%emt 00:08:09]} 11. Rg1
{[%clk 01:06:15] [%emt 00:04:17]} f5 {[%clk 01:18:29] [%emt 00:04:39]} 12. cxd5
{[%clk 01:04:53] [%emt 00:01:52]} exd5 {[%clk 01:07:15] [%emt 00:11:44]} 13.
Nxd5 {[%clk 01:05:10] [%emt 00:00:12]} Qd6 {[%clk 01:07:32] [%emt 00:00:14]} 14.
Nf4 {[%clk 00:58:00] [%emt 00:07:40]} Re8 {[%clk 01:06:41] [%emt 00:01:19]} 15.
Bg2 {[%clk 00:49:51] [%emt 00:08:41]} Re4 {[%clk 01:03:25] [%emt 00:03:47]} 16.
Ng6 {[%clk 00:39:40] [%emt 00:10:40]} Be6 {[%clk 00:58:48] [%emt 00:05:07]} 17.
d5 {[%clk 00:39:45] [%emt 00:00:26]} Qc5 {[%clk 00:39:07] [%emt 00:20:11]} 18.
e3 {[%clk 00:40:09] [%emt 00:00:05]} Nb4 {[%clk 00:33:52] [%emt 00:05:45]} 19.
Nd4 {[%clk 00:38:07] [%emt 00:02:32]} Rxd4 {[%clk 00:19:56] [%emt 00:14:26]} 20.
exd4 {[%clk 00:37:22] [%emt 00:01:15]} Nc2+ {[%clk 00:19:48] [%emt 00:00:38]}
21. Ke2 {[%clk 00:27:16] [%emt 00:10:36]} Qb5+ {[%clk 00:20:10] [%emt 00:00:08]}
22. Qd3 {[%clk 00:24:11] [%emt 00:03:35]} Nxd4+ {[%clk 00:13:58] [%emt
00:06:43]} 23. Ke1 {[%clk 00:24:27] [%emt 00:00:13]} Re8 {[%clk 00:13:18] [%emt
00:01:11]} 24. Qxd4 {[%clk 00:24:40] [%emt 00:00:17]} Bxd5+ {[%clk 00:13:25]
[%emt 00:00:23]} 25. Kd2 {[%clk 00:25:06] [%emt 00:00:03]} Bxg2 {[%clk 00:08:36]
[%emt 00:05:19]} 26. Rxg2 {[%clk 00:25:26] [%emt 00:00:09]} Kh7 {[%clk 00:08:14]
[%emt 00:00:53]} 27. Rxg4 {[%clk 00:01:35] [%emt 00:24:21]} fxg4 {[%clk
00:08:42] [%emt 00:00:01]} 28. Nf4 {[%clk 00:02:04]} Qa5+ {[%clk 00:06:19] [%emt
00:02:53]} 29. Kc2 {[%clk 00:01:58] [%emt 00:00:36]} Qxa2 {[%clk 00:05:44] [%emt
00:01:05]} 30. Qd3+ {[%clk 00:02:17] [%emt 00:00:11]} Kg8 {[%clk 00:06:10] [%emt
00:00:04]} 31. Ng6 {[%clk 00:01:35] [%emt 00:01:12]} Qe6 {[%clk 00:05:41] [%emt
00:00:59]} 32. Qd5 {[%clk 00:01:21] [%emt 00:00:43]} Kf7 {[%clk 00:05:57] [%emt
00:00:14]} 33. Qd7+ {[%clk 00:00:46] [%emt 00:01:06]} Qxd7 {[%clk 00:04:07]
[%emt 00:02:20]} 34. Rxd7+ {[%clk 00:01:15]} Kf6 {[%clk 00:04:36] [%emt
00:00:01]} 35. Kd3 {[%clk 00:01:27] [%emt 00:00:17]} Re6 {[%clk 00:04:04] [%emt
00:01:02]} 36. Rxc7 {[%clk 00:01:08] [%emt 00:00:49]} Rb6 {[%clk 00:04:33] [%emt
00:00:01]} 37. Kc3 {[%clk 00:01:06] [%emt 00:00:32]} Rb5 {[%clk 00:04:58] [%emt
00:00:05]} 38. Nh8 {[%clk 00:01:00] [%emt 00:00:36]} Kg5 {[%clk 00:04:00] [%emt
00:01:28]} 39. Rxg7+ {[%clk 00:00:46] [%emt 00:00:44]} Kxh5 {[%clk 00:04:27]
[%emt 00:00:03]} 40. Nf7 {[%clk 00:00:39] [%emt 00:00:37]} Rf5 {[%clk 00:01:21]
[%emt 00:03:36]} 41. Nd6 {[%clk 00:00:31] [%emt 00:00:38]} Rf3+ {[%clk 00:50:02]
[%emt 00:01:49]} 42. Kd4 {[%clk 00:49:37] [%emt 00:01:24]} Rxf2 {[%clk 00:50:20]
[%emt 00:00:13]} 43. b4 {[%clk 00:49:30] [%emt 00:00:37]} Rf6 {[%clk 00:43:15]
[%emt 00:07:35]} 44. Ke5 {[%clk 00:40:18] [%emt 00:09:41]} Rg6 {[%clk 00:42:46]
[%emt 00:01:00]} 45. Rxg6 {[%clk 00:40:15] [%emt 00:00:34]} Kxg6 {[%clk
00:43:12] [%emt 00:00:04]} 46. Kf4 {[%clk 00:40:35] [%emt 00:00:10]} Kf6 {[%clk
00:43:23] [%emt 00:00:19]} 47. Kxg4 {[%clk 00:39:42] [%emt 00:01:23]} Ke5 {[%clk
00:43:26] [%emt 00:00:27]} 48. Nxb7 {[%clk 00:40:08] [%emt 00:00:04]} Kd4 {[%clk
00:43:35] [%emt 00:00:21]} 49. Na5 {[%clk 00:40:30] [%emt 00:00:08]} Kc3 {[%clk
00:44:00] [%emt 00:00:05]} 50. Nc6 {[%clk 00:40:56] [%emt 00:00:04]} Kc4 {[%clk
00:44:25] [%emt 00:00:05]} 51. Kh5 {[%clk 00:41:20] [%emt 00:00:05]} Kb5 {[%clk
00:44:52] [%emt 00:00:04]} 52. Nxa7+ {[%clk 00:41:43] [%emt 00:00:06]} Kxb4
{[%clk 00:45:18] [%emt 00:00:04]} 53. Kxh6 {[%clk 00:42:10] [%emt 00:00:03]}
1/2-1/2

[Site "Europe Echecs"]